000 00426nam a22001817a 4500
003 MPLRDC
005 20220104142725.0
008 210129b ||||| |||| 00| 0 eng d
020 _a962-577-333-9
082 _a857.623 YG-3 v.34
100 _a余过
245 _a妖夜回廊
_c
260 _a
_b明窗出版社
_c
300 _b
490 _a述异系列
650 _a灵异小说
942 _cBK
_o857.623 YG-3 v.34
999 _c33196
_d33186